000 00818nam a2200241Ia 4500
003 OSt
005 20220923211753.0
006 a|||||r|||| 00| 0
007 ta
008 220922b |||||||| |||| 00| 0 san d
024 _a53,484
037 _cTextual
040 _aARTS
_cARTS
_bsan
041 _2san
_asan
082 _aP15:7, 15L6
100 _aरामकृष्ण
_9156277
245 0 _aसंस्कृत निबबन्धा×जलि; संस्कृत निबन्धा×जलि
246 _aSanskṛut nibabandhā×jali; sanskṛut nibandhā×jali
260 _aआगरा
_b विनोद पुस्तक मन्दिर
_c1976
300 _a298पृ.
_ccm.
942 _hP15:7, 15L6
_cTEXL
_2CC
999 _c303362
_d303362